01436 2200265 4500001002100000005001500021035002000036008004100056020001800097041000800115082001200123084001800135100002200153245012400175260005100299300002700350500001900377504001700396520062700413650003301040650002801073650001901101990002501120990002501145INLIS00000000000098620221031042750 a0010-0520000986221031 | | eng  a0-521-77770-4 aeng a342.083 a342.083 RUB i0 aRubio-Marin, Ruth1 aImmigration as a Democratic Challenge :bCitizenship And Inclusion In Germany And The United States /cRuth Rubio-Marin aNew York :bCambriedge University Press,c2000 aviii, 235 p. ;c22 cm. aIndeks : Index aBibliography aImmigration raises a number of important moral issues regarding access to the rights and privileges of citizenship. At present, immigrants to most Western democracies must satisfy a range of conditions before achieving citizenship. This book argues that this is unjust and undemocratic, and that there should be a time threshold after which immigrants should either be granted full citizenship rights, or should be awarded nationality automatically, without any conditions. The author contrasts her position with the constitutional practice of two countries with rich immigration traditions: Germany and the United States. 4aI. Citizenship-United States 4aII. Citizenship-Germany 4aIII. Democracy a01554/MKRI-P/II-2005 a01554/MKRI-P/II-2005